| 000 | 00000nam 22000008a 4500 |
| 001 | 9.839700 |
| 003 | CaOODSP |
| 005 | 20241210082350 |
| 007 | cr ||||||||||| |
| 008 | 170714s2014 onca |o f|0| 0 fre d |
| 040 | |aCaOODSP|bfre |
| 043 | |an-cn--- |
| 086 | 1 |aFB4-16/2014F-PDF |
| 245 | 04|aLes nouveaux billets canadiens en polymère |h[ressource électronique] : |bsûrs, durables, novateurs. |
| 260 | |a[Ottawa] : |bBanque du Canada, |c[2014]. |
| 300 | |a[14] p. : |bill. |
| 500 | |aPubli. aussi en anglais sous le titre : Canada's new polymer notes : secure, durable, innovative. |
| 500 | |aTitre de la couv. |
| 500 | |a« Fiches de renseignements. » |
| 692 | 07|2gccst|aMonnaie |
| 710 | 2 |aBanque du Canada. |
| 775 | 08|tCanada's new polymer notes |w(CaOODSP)9.839699 |
| 856 | 40|qPDF|s5.03 Mo|uhttps://publications.gc.ca/collections/collection_2017/banque-bank-canada/FB4-16-2014-fra.pdf |